Statistiken für Netzwerk Ports

Klicken Sie hier um das Quiz zu spielen!

Allgemein

  • Dieses Quiz wurde 86 mal gespielt
    (37 seit der letzten Aktualisierung)
  • Das Durchschnittsergebnis liegt bei 11 aus 36

Antwortstatistiken

PortProtokoll% Korrekt
80HTTP
96%
20/21FTP
83%
443HTTPS
83%
25SMTP
74%
53DNS
70%
110POP3
61%
22SSH
61%
143IMAP
52%
67/68DHCP
48%
23Telnet
43%
123NTP
39%
445SMB
35%
3389RDP
30%
115SFTP
26%
7Echo
22%
993IMAPS
22%
389LDAP
22%
109POP2
22%
69TFTP
22%
1063COM
17%
179BGP
17%
79Finger
17%
500IKE
17%
88Kerberos
17%
66Oracle
17%
995POP3S
17%
444SNPP
17%
37Time
17%
70Gopher
13%
1701L2TP
13%
1723PPTP
13%
520RIP
13%
1293IPSec
9%
135RPC
9%
42HNP
4%
46MPM
4%

Verteilung der Resultate

Perzentil nach korrekt beantworteten Fragen

Anzahl Personen mit jedem Resultat

Ihre Resultats-Entwicklung

Sie haben dieses Quiz seit der letzten Aktualisierung nicht gespielt